Najwięcej występów w reprezentacji Urugwaju - Statystyki

Ogólne statystyki
  • Ten quiz został rozwiązany 249 razy
  • Średni wynik to 4 z 10
Statystyki odpowiedzi
Miejsce Zawodnik Lata gry Mecze Bramki % Poprawnych
2 Luis Suárez 2007–obecnie 138 68
100%
3 Edinson Cavani 2008–obecnie 136 58
77%
7 Diego Forlán 2002–2014 112 36
71%
1 Diego Godín 2005–obecnie 161 8
65%
4 Fernando Muslera 2009–obecnie 133 0
58%
6 Martín Cáceres 2007–obecnie 116 4
12%
8 Cristian Rodríguez 2003–2018 110 11
11%
5 Maxi Pereira 2005–2018 125 3
10%
9 Diego Lugano 2003–2014 95 9
8%
10 Egidio Arévalo Ríos 2006–2017 90 0
5%
Nie znaleziono quizów pasujących do podanych kryteriów
Rozkład punktacji
Procent ludzi z każdym wynikiem
Percentyl według liczby udzielonych odpowiedzi
Twoja historia wyników
Nie rozwiązałeś tego quizu